00497nam a2200145 i 450000100060000000300090000600500170001500700030003200800410003510000210007624501400009726000410023730000410027885200320031926285ES-MaACL20230906153421.0t|030108s1979 sp ||||1| spa d1 aArteta, Aurelio.10aA. Arteta en la sala de exposiciones del Banco de Bilbao y en el Museo de Bellas Artes de Bilbao b: diciembre 1979 / cAurelio Arteta. aBilbao : bBanco de Bilbao, c[1979] a142 p., 28 lám. : bil. ; c26 cm. aES-MaACLjL-1338 bR.101713